书目信息 |
| 题名: |
机床挂轮的近似计算法
|
|
| 作者: | 张耀卿 编著 | |
| 分册: | ||
| 出版信息: | 北京 机械工业出版社 1965 |
|
| 页数: | 68页 | |
| 开本: | 19cm | |
| 丛书名: | ||
| 单 册: | ||
| 中图分类: | TG502.3 | |
| 科图分类: | ||
| 主题词: | 金属切削 , 机床 , 金属加工--机具 | |
| 电子资源: | ||
| ISBN: | ||
| 000 | 00666nam0 2200241 450 | |
| 001 | 0736829592 | |
| 005 | 20070802104612.54 | |
| 010 | @dCNY0.20 | |
| 091 | @aT15033.3693 | |
| 100 | @a20070802d1965 km y0chiy0120 ea | |
| 101 | 0 | @achi |
| 102 | @aCN@b110000 | |
| 200 | 1 | @a机床挂轮的近似计算法@Aji chuang gua lun de jin si ji suan fa@f张耀卿编著@Fzhang yao qing bian zhu |
| 210 | @a北京@c机械工业出版社@d1965 | |
| 215 | @a68页@d19cm | |
| 300 | @a机械工人学习材料 | |
| 606 | 0 | @a金属切削 |
| 606 | 0 | @a机床 |
| 606 | 0 | @a金属加工@x机具 |
| 690 | @aTG502.3@v3 | |
| 701 | 0 | @a张耀卿@Azhang yao qing@4编著 |
| 801 | 0 | @aCN@bPFT@c20070802 |
| 905 | @a10447@dTG502.3@e41 | |
| 机床挂轮的近似计算法/张耀卿编著.-北京:机械工业出版社,1965 |
| 68页;19cm |
| 机械工人学习材料 |
| ISBN :CNY0.20 |
| ● |
| 相关链接 |
|
|
|
|
正题名:机床挂轮的近似计算法
索取号:TG502.3/41
 
预约/预借
| 序号 | 登录号 | 条形码 | 馆藏地/架位号 | 状态 | 备注 |
| 1 | 0017456 | 202189229 | 密集书库/ [索取号:TG502.3/41] | 在馆 | |
| 2 | 0017457 | 202189265 | 密集书库/ [索取号:TG502.3/41] | 在馆 | |
| 3 | 0790629 | 207906293 | 密集书库/ [索取号:TG502.3/41] | 在馆 | |
| 4 | 0790636 | 207906364 | 第二样本阅览室/ [索取号:TG502.3/41] | 在馆 |